|
|
|
|
| LEADER |
00000nam0a2200000 4500 |
| 001 |
270942 |
| 005 |
20231031225209.0 |
| 035 |
|
|
|a (RuTPU)RU\TPU\book\294123
|
| 090 |
|
|
|a 270942
|
| 100 |
|
|
|a 20141002d1986 k y0rusy50 ca
|
| 101 |
0 |
|
|a rus
|
| 102 |
|
|
|a KG
|
| 105 |
|
|
|a a z 001zy
|
| 200 |
1 |
|
|a Введение в прикладную радиационную небесную механику
|f Н. Д. Джуманалиев, М. И. Киселев
|g Академия наук Киргизской ССР (АН КиргССР), Институт физики
|
| 210 |
|
|
|a Фрунзе
|c Илим
|d 1986
|
| 215 |
|
|
|a 201 с.
|c ил.
|
| 320 |
|
|
|a Библиогр. в конце гл.
|
| 606 |
1 |
|
|a Космические летательные аппараты
|2 stltpush
|3 (RuTPU)RU\TPU\subj\15801
|
| 610 |
1 |
|
|a небесная механика
|
| 610 |
1 |
|
|a радиационная акустика
|
| 610 |
1 |
|
|a солнечная радиация
|
| 610 |
1 |
|
|a технические проблемы
|
| 610 |
1 |
|
|a солнечные станции
|
| 610 |
1 |
|
|a математические модели
|
| 675 |
|
|
|a 629.782
|v 3
|
| 700 |
|
1 |
|a Джуманалиев
|b Н. Д.
|
| 701 |
|
1 |
|a Киселев
|b М. И.
|
| 712 |
0 |
2 |
|a Академия наук Киргизской ССР (АН КиргССР)
|b Институт физики
|2 stltpush
|3 (RuTPU)RU\TPU\col\17559
|
| 801 |
|
1 |
|a RU
|b 63413507
|c 20141002
|
| 801 |
|
2 |
|a RU
|b 63413507
|c 20151023
|g RCR
|
| 942 |
|
|
|c BK
|